000 00467nam a2200193Ia 4500
005 20240823040843.0
008 240823s9999||||xx |||||||||||||| ||und||
020 _a81-89866-01-X
041 _aENGLISH
082 _A342.54 P6
100 _aREddy G B et al.
245 0 _aConsttution of India and Professional Ethics
250 _a1st
260 _c2006
_bI K International Pub.
500 _aYES
650 _aEthics
_bCivil
942 _cBK
999 _c204104
_d204104